[Event "Faxe Eftermiddag-D"]
[Site "Faxe"]
[Date "2015.09.30"]
[Round "3"]
[White "Christoffersen, Ib"]
[Black "Nielsen, Ib"]
[Result "0-1"]
[WhiteElo "1345"]
[BlackElo "1289"]
[PlyCount "94"]
[EventDate "2015.09.16"]
[EventType "tourn"]
[EventRounds "5"]
[EventCountry "DEN"]
[SourceTitle "EXT 2023"]
[Source "ChessBase"]
[SourceDate "2022.10.05"]
[SourceVersion "1"]
[SourceVersionDate "2022.10.05"]
[SourceQuality "1"]

1. d4 d5 2. Nf3 Nf6 3. Nc3 Nc6 4. h3 e6 5. Bg5 Be7 6. e3 a6 7. Bd3 0-0 8. a3 h6 9. Bh4 Nh7 10. Bxh7+ Kxh7 11. Bg3 Bf6 12. Ne2 Ne7 13. Nf4 Nf5 14. Qd3 Kg8 15. Bh2 Nd6 16. Nd2 b5 17. Nh5 Be7 18. b3 Ne8 19. Be5 f6 20. Qg6 fxe5 21. dxe5 Rf5 22. f4 Rxh5 23. Qxh5 Bh4+ 24. Ke2 Bb7 25. Rhg1 Bg3 26. Qg6 Qh4 27. Nf3 Qe7 28. Qxg3 Rd8 29. b4 c5 30. c3 Qf7 31. bxc5 Qf5 32. Rgc1 Rc8 33. Nd4 Qf7 34. Nb3 g6 35. h4 Ng7 36. Qh3 Nf5 37. g4 Ng7 38. g5 h5 39. Na5 Ba8 40. c6 Bxc6 41. Nxc6 Rxc6 42. Qf3 Nf5 43. Qh3 Rc4 44. Rab1 Qc7 45. Rb3 Qc5 46. Kd3 a5 47. Rc2 Re4 0-1

[Event "Faxe Eftermiddag-D"]
[Site "Faxe"]
[Date "2012.10.03"]
[Round "2"]
[White "Christoffersen, Ib"]
[Black "Anghel, Mihai Ursta"]
[Result "1/2-1/2"]
[WhiteElo "1391"]
[BlackElo "1065"]
[PlyCount "130"]
[EventDate "2012.09.26"]
[EventType "swiss"]
[EventRounds "5"]
[EventCountry "DEN"]
[SourceTitle "EXT 2023"]
[Source "ChessBase"]
[SourceDate "2022.10.05"]
[SourceVersion "1"]
[SourceVersionDate "2022.10.05"]
[SourceQuality "1"]

1. e4 c5 2. Nf3 g6 3. Bc4 Bg7 4. 0-0 e6 5. d3 Ne7 6. Nbd2 b6 7. Re1 Bb7 8. h3 d5 9. Bb5+ Nd7 10. e5 a6 11. Bxd7+ Qxd7 12. c3 d4 13. Ne4 Bxe4 14. dxe4 Nc6 15. Bf4 h6 16. Re2 d3 17. Rd2 c4 18. b3 b5 19. Qe1 Qc7 20. Qe3 Nxe5 21. Nxe5 Bxe5 22. Bxe5 Qxe5 23. Qd4 Qxd4 24. cxd4 0-0 25. bxc4 bxc4 26. Rc1 Rac8 27. f3 Rfd8 28. d5 exd5 29. exd5 Rxd5 30. Rc3 f5 31. Kf2 f4 32. g3 fxg3+ 33. Kxg3 Re8 34. Rxc4 Re2 35. Rxe2 dxe2 36. Kf2 Rd2 37. a4 Ra2 38. h4 Kg7 39. f4 g5 40. hxg5 hxg5 41. fxg5 Kg6 42. Rc6+ Kxg5 43. Rxa6 e1Q+ 44. Kxe1 Kf4 45. Kd1 Ke3 46. Kc1 Kd4 47. Kb1 Rh2 48. Rb6 Kc5 49. Rb8 Rh1+ 50. Kb2 Rh2+ 51. Kc3 Rh3+ 52. Kd2 Rh2+ 53. Ke1 Rh1+ 54. Kf2 Rh2+ 55. Kg3 Ra2 56. Ra8 Kb4 57. Kf3 Rxa4 58. Rb8+ Kc3 59. Ke3 Rb4 60. Rc8+ Rc4 61. Rd8 Rh4 62. Rc8+ Rc4 63. Ra8 Rb4 64. Ra3+ Rb3 65. Rxb3+ Kxb3 1/2-1/2

[Event "Faxe EMT"]
[Site "Faxe"]
[Date "2012.03.28"]
[Round "1"]
[White "Jensen, Leif"]
[Black "Christoffersen, Ib"]
[Result "1-0"]
[WhiteElo "1982"]
[BlackElo "1452"]
[PlyCount "59"]
[EventDate "2012.03.28"]
[EventType "swiss"]
[EventRounds "7"]
[EventCountry "DEN"]
[SourceTitle "EXT 2023"]
[Source "ChessBase"]
[SourceDate "2022.10.05"]
[SourceVersion "1"]
[SourceVersionDate "2022.10.05"]
[SourceQuality "1"]

1. e4 e5 2. Nc3 Nf6 3. f4 d6 4. Nf3 Bg4 5. h3 Bd7 6. Bc4 b5 7. Bxb5 Bxb5 8. Nxb5 a6 9. Nc3 Nbd7 10. d3 Be7 11. 0-0 h6 12. Nd5 c6 13. Nxf6+ Bxf6 14. f5 0-0 15. Qe2 d5 16. c3 Qb6+ 17. Be3 d4 18. cxd4 exd4 19. Bf4 c5 20. Qf2 Rae8 21. b3 Ne5 22. Bxe5 Bxe5 23. Nxe5 Rxe5 24. f6 g6 25. Qf4 Rg5 26. Rac1 Qe6 27. Rxc5 Qxh3 28. Qxg5 Qe3+ 29. Qxe3 dxe3 30. Re1 1-0

[Event "Faxe Eftermiddag EMT Monrad"]
[Site "Faxe"]
[Date "2011.09.21"]
[Round "3"]
[White "Rasmussen, Frede"]
[Black "Christoffersen, Ib"]
[Result "0-1"]
[WhiteElo "1410"]
[BlackElo "1283"]
[PlyCount "104"]
[EventDate "2011.09.07"]
[EventType "swiss"]
[EventRounds "5"]
[EventCountry "DEN"]
[SourceTitle "EXT 2023"]
[Source "ChessBase"]
[SourceDate "2022.10.05"]
[SourceVersion "1"]
[SourceVersionDate "2022.10.05"]
[SourceQuality "1"]

1. d4 d5 2. Bf4 Bf5 3. e3 a6 4. Bd3 Bg6 5. Nc3 e6 6. a3 Nf6 7. Bxg6 hxg6 8. Bg5 Nbd7 9. Nf3 Bd6 10. Bf4 Bxf4 11. exf4 Qe7 12. Ne5 Nh5 13. Qf3 0-0-0 14. g4 Nhf6 15. 0-0-0 Nb6 16. f5 g5 17. Rde1 Rd6 18. Qe3 Nh7 19. Qd2 Qf6 20. Qd3 Nf8 21. h3 Nfd7 22. Qg3 Rf8 23. Qd3 Qe7 24. Re2 Qf6 25. Rf1 Qh6 26. Rh1 Qf6 27. f3 Rd8 28. Rhe1 Nf8 29. Rf2 Nc4 30. Nd1 Nd7 31. Rfe2 Ndb6 32. c3 Qe7 33. Rh2 Qe8 34. h4 f6 35. Ng6 Nd7 36. fxe6 Rxe6 37. Rxe6 Qxe6 38. Re2 Qb6 39. Ne7+ Kb8 40. Nxd5 Qb3 41. Qc2 Qb5 42. Nb4 Ndb6 43. Qd3 gxh4 44. b3 Qg5+ 45. Ne3 Nxa3 46. c4 Re8 47. Kb2 Qa5 48. Qc3 Kc8 49. Nbd5 Naxc4+ 50. Kb1 Nxd5 51. Nxd5 Rxe2 52. Qxc4 Re1+ 0-1

[Event "Faxe EMT"]
[Site "Faxe"]
[Date "2011.04.13"]
[Round "3"]
[White "Christoffersen, Ib"]
[Black "Andersen, Hans Poul"]
[Result "0-1"]
[WhiteElo "1366"]
[BlackElo "1217"]
[PlyCount "96"]
[EventDate "2011.04.11"]
[EventType "swiss"]
[EventRounds "7"]
[EventCountry "DEN"]
[SourceTitle "EXT 2023"]
[Source "ChessBase"]
[SourceDate "2022.10.05"]
[SourceVersion "1"]
[SourceVersionDate "2022.10.05"]
[SourceQuality "1"]

1. d4 d5 2. Nc3 Nf6 3. Nf3 e6 4. e3 Bb4 5. Bd2 Nc6 6. Bb5 Bd7 7. 0-0 0-0 8. h3 a6 9. Bd3 h6 10. a3 Bxc3 11. Bxc3 b5 12. Qe2 Re8 13. Ne5 Nxe5 14. dxe5 Ne4 15. Bxe4 dxe4 16. Rad1 Qe7 17. Rd2 Bc6 18. Rfd1 Bd5 19. b3 c5 20. Ba5 c4 21. Bb4 Qg5 22. Bc3 cxb3 23. cxb3 Bxb3 24. Rc1 Bc4 25. Qe1 Red8 26. Bd4 Rdc8 27. Rdc2 Qd8 28. Rd2 Qe7 29. Bb2 Bd3 30. Rcd1 Rc4 31. f3 Rac8 32. Qf2 Qg5 33. h4 Qe7 34. fxe4 Bxe4 35. Rd7 Qe8 36. Qd2 Bd5 37. Rd6 Rc2 38. Qb4 Rxg2+ 39. Kf1 Rcc2 40. R6xd5 exd5 41. Rxd5 Qc6 42. Qe4 Qc4+ 43. Qxc4 bxc4 44. e6 fxe6 45. Rd8+ Kh7 46. Be5 Rgd2 47. Rxd2 Rxd2 48. Ke1 Rd3 0-1

[Event "Faxe Eftermiddag-C"]
[Site "Faxe"]
[Date "2010.10.13"]
[Round "4"]
[White "Strandsbjerg, Jens"]
[Black "Christoffersen, Ib"]
[Result "1/2-1/2"]
[WhiteElo "1451"]
[BlackElo "1395"]
[PlyCount "118"]
[EventDate "2010.09.22"]
[EventType "tourn"]
[EventRounds "5"]
[EventCountry "DEN"]
[SourceTitle "EXT 2023"]
[Source "ChessBase"]
[SourceDate "2022.10.05"]
[SourceVersion "1"]
[SourceVersionDate "2022.10.05"]
[SourceQuality "1"]

1. d4 d5 2. c4 Nc6 3. e3 e6 4. Nc3 Nf6 5. Nf3 Be7 6. Bd3 h6 7. h3 Bd7 8. 0-0 0-0 9. cxd5 exd5 10. a3 a6 11. Bd2 Be6 12. Re1 Bd6 13. e4 dxe4 14. Bxe4 Qd7 15. d5 Bxh3 16. dxc6 bxc6 17. Nh2 Bxh2+ 18. Kxh2 Ng4+ 19. Kg1 Qd6 20. g3 Rae8 21. Qe2 Nf6 22. Bf4 Qe7 23. Qf3 Bg4 24. Qg2 Qd8 25. Bxc6 Rxe1+ 26. Rxe1 Nh5 27. Be3 Qf6 28. Bc5 Rb8 29. Be7 Qd4 30. Re4 Qd2 31. Rxg4 Qe1+ 32. Kh2 Qxe7 33. Re4 Qc5 34. Re8+ Rxe8 35. Bxe8 Nf6 36. Ba4 Ng4+ 37. Kg1 Qe5 38. Qa8+ Kh7 39. Qe4+ f5 40. Qxe5 Nxe5 41. Nd5 c6 42. Ne7 g6 43. Bxc6 Nc4 44. Be8 Nxb2 45. Nxg6 Nc4 46. a4 Nd6 47. Nh4 Nxe8 48. Nxf5 Kg6 49. Nd4 Nc7 50. f4 h5 51. Kg2 Nd5 52. Ne2 Nb6 53. Nc3 Kf5 54. Kf3 a5 55. Kf2 Nc4 56. Nd5 Nb2 57. Nc3 Kg4 58. Kg2 Nc4 59. Nd5 Kf5 1/2-1/2

[Event "Faxe Eftermiddag-C"]
[Site "Faxe"]
[Date "2010.09.29"]
[Round "2"]
[White "Christoffersen, Ib"]
[Black "Andersen, Hans E"]
[Result "0-1"]
[WhiteElo "1395"]
[BlackElo "1368"]
[PlyCount "91"]
[EventDate "2010.09.22"]
[EventType "tourn"]
[EventRounds "5"]
[EventCountry "DEN"]
[SourceTitle "EXT 2023"]
[Source "ChessBase"]
[SourceDate "2022.10.05"]
[SourceVersion "1"]
[SourceVersionDate "2022.10.05"]
[SourceQuality "1"]

1. d4 g6 2. c4 Bg7 3. Nf3 Nf6 4. Nc3 d5 5. c5 c6 6. h3 b6 7. b4 a5 8. b5 Ne4 9. Bb2 Nxc3 10. Bxc3 bxc5 11. e3 c4 12. bxc6 Nxc6 13. Be2 0-0 14. 0-0 Bd7 15. Nh2 Qc7 16. Bf3 e6 17. e4 Qd6 18. e5 Qa3 19. Qd2 Rfb8 20. Ng4 Qe7 21. Qf4 g5 22. Qg3 f5 23. exf6 Bxf6 24. Rae1 Nxd4 25. Bxd4 Bxd4 26. Bxd5 c3 27. Bxa8 Rxa8 28. Re4 Bg7 29. Qd3 Rb8 30. Qe3 Qa3 31. Qxg5 Kh8 32. Ne5 Be8 33. Qf4 Rc8 34. Nf7+ Kg8 35. Nd6 Rb8 36. Rxe6 Qa4 37. Ne4 Qb4 38. Qg3 Bg6 39. Qf4 c2 40. Rc1 Qb1 41. Rc6 Bxe4 42. Rc7 Bg6 43. Qc4+ Kf8 44. Qc5+ Kg8 45. Qc4+ Kf8 46. Re1 0-1

[Event "Faxe EMT"]
[Site "Faxe"]
[Date "2010.03.17"]
[Round "1"]
[White "Arendal, Gustav"]
[Black "Christoffersen, Ib"]
[Result "1-0"]
[WhiteElo "1890"]
[BlackElo "1460"]
[PlyCount "89"]
[EventDate "2010.03.17"]
[EventType "swiss"]
[EventRounds "7"]
[EventCountry "DEN"]
[SourceTitle "EXT 2023"]
[Source "ChessBase"]
[SourceDate "2022.10.05"]
[SourceVersion "1"]
[SourceVersionDate "2022.10.05"]
[SourceQuality "1"]

1. e4 e5 2. Nf3 d6 3. Bc4 h6 4. d4 Bg4 5. dxe5 Bxf3 6. Qxf3 Qd7 7. exd6 cxd6 8. 0-0 Qc7 9. Bb5+ Nc6 10. Nc3 Nf6 11. Nd5 Qd8 12. Re1 Be7 13. Nxe7 Qxe7 14. e5 0-0 15. Bxc6 bxc6 16. Bxh6 dxe5 17. Qg3 Ne8 18. Rxe5 Qf6 19. Bg5 Qg6 20. Be7 Qxg3 21. hxg3 f6 22. Re6 Rf7 23. Rae1 Nc7 24. Rxc6 Nd5 25. Ba3 g6 26. c4 Nb6 27. c5 Nc4 28. Ra6 Rc8 29. b4 Ne5 30. f4 Nc6 31. Re6 Nb8 32. Rad6 Rcf8 33. Bb2 Nd7 34. c6 Nb6 35. Rxf6 Rxf6 36. Rxf6 Re8 37. Rxg6+ Kf7 38. Rg7+ Ke6 39. Rxa7 Kd6 40. b5 Nc4 41. Bd4 Kd5 42. Rd7+ Ke4 43. b6 Na5 44. c7 Nc6 45. b7 1-0

[Event "Faxe EMT"]
[Site "Faxe"]
[Date "2009.04.15"]
[Round "4"]
[White "Christoffersen, Ib"]
[Black "Jakobsen, Henning"]
[Result "1-0"]
[WhiteElo "1421"]
[BlackElo "1141"]
[PlyCount "85"]
[EventDate "2009.03.18"]
[EventType "swiss"]
[EventRounds "7"]
[EventCountry "DEN"]
[SourceTitle "EXT 2023"]
[Source "ChessBase"]
[SourceDate "2022.10.05"]
[SourceVersion "1"]
[SourceVersionDate "2022.10.05"]
[SourceQuality "1"]

1. d4 Nf6 2. Nc3 g6 3. Bf4 d6 4. e4 Bg7 5. h3 0-0 6. Nf3 Nfd7 7. Qd2 Re8 8. Bh6 Nc6 9. Bxg7 Kxg7 10. Bc4 e5 11. d5 Ne7 12. h4 h6 13. h5 g5 14. Nh2 f5 15. 0-0-0 Nf6 16. Qe2 g4 17. Nf1 f4 18. g3 f3 19. Qd2 Rg8 20. Ne3 Qe8 21. Bd3 Kh7 22. Nb5 Qd8 23. Qc3 Ne8 24. Qd2 a6 25. Nc3 Rg5 26. Rh4 Nf6 27. Rf1 Rxh5 28. Rxh5 Nxh5 29. Rh1 Qe8 30. Nf5 Ng8 31. Nd1 Qg6 32. Nde3 Qg5 33. Kb1 Bxf5 34. exf5 Ngf6 35. Qc3 Rc8 36. Qe1 e4 37. Bc4 b5 38. Bb3 Ng7 39. c3 Nxf5 40. Nxf5 Qxf5 41. Qe3 Qg5 42. Qxg5 Ng8 43. Qf5+ 1-0

[Event "Faxe EMT"]
[Site "Faxe"]
[Date "2008.05.07"]
[Round "6"]
[White "Nielsen, Poul Erik2222"]
[Black "Christoffersen, Ib"]
[Result "1-0"]
[WhiteElo "1255"]
[BlackElo "1353"]
[PlyCount "135"]
[EventDate "2008.03.26"]
[EventType "swiss"]
[EventRounds "7"]
[EventCountry "DEN"]
[SourceTitle "EXT 2023"]
[Source "ChessBase"]
[SourceDate "2022.10.05"]
[SourceVersion "1"]
[SourceVersionDate "2022.10.05"]
[SourceQuality "1"]

1. c4 Nf6 2. d4 d5 3. Nc3 e6 4. Nf3 Bb4 5. Bg5 h6 6. Bh4 g5 7. Bg3 Ne4 8. Qc2 Nc6 9. a3 Bxc3+ 10. bxc3 Nxg3 11. hxg3 f6 12. Qg6+ Kd7 13. cxd5 exd5 14. e3 a6 15. Bd3 Qe7 16. Rxh6 Rxh6 17. Qxh6 b5 18. Bf5+ Kd6 19. Bxc8 Rxc8 20. Nxg5 Rg8 21. Nf3 Qd8 22. Rd1 Kd7 23. Qh3+ Ke7 24. Qh7+ Kd6 25. Qf5 Rf8 26. Nh4 Ne7 27. Qf4+ Kc6 28. Qf3 Qd6 29. Ra1 Kb7 30. Nf5 Nxf5 31. Qxf5 Qc6 32. Qc2 Rh8 33. Ke2 Qc4+ 34. Kf3 Qc6 35. a4 Qe8 36. axb5 axb5 37. Rb1 f5 38. Ke2 c6 39. Qxf5 Rf8 40. Qc2 Qh5+ 41. f3 Qh2 42. Kf2 Rg8 43. g4 Qh4+ 44. Ke2 Qh2 45. Rf1 Re8 46. Rf2 Qf4 47. Qd3 Qd6 48. f4 Ra8 49. Kf3 Qe7 50. g3 Rh8 51. Qf5 Rf8 52. Qe5 Qh7 53. f5 Qh1+ 54. Ke2 Ra8 55. Qe7+ Kb6 56. Qc5+ Kb7 57. Qe7+ Kc8 58. Qe8+ Kb7 59. Qxa8+ Kxa8 60. f6 Qe4 61. f7 Qxg4+ 62. Kf1 Qh3+ 63. Ke2 Qh5+ 64. Rf3 Qh2+ 65. Rf2 Qh5+ 66. Kd2 Qh3 67. f8Q+ Kb7 68. Rf7+ 1-0

[Event "Faxe EMT"]
[Site "Faxe"]
[Date "2008.04.02"]
[Round "2"]
[White "Toftvang, Ove"]
[Black "Christoffersen, Ib"]
[Result "1-0"]
[WhiteElo "1253"]
[BlackElo "1353"]
[PlyCount "115"]
[EventDate "2008.03.26"]
[EventType "swiss"]
[EventRounds "7"]
[EventCountry "DEN"]
[SourceTitle "EXT 2023"]
[Source "ChessBase"]
[SourceDate "2022.10.05"]
[SourceVersion "1"]
[SourceVersionDate "2022.10.05"]
[SourceQuality "1"]

1. e4 e5 2. Nf3 d6 3. g3 Bg4 4. Bg2 Nc6 5. c3 Nf6 6. d3 h6 7. h3 Bh5 8. g4 Bg6 9. b4 a6 10. 0-0 Be7 11. Nh2 h5 12. g5 Nh7 13. h4 Nf8 14. f4 exf4 15. Bxf4 Ne6 16. Be3 f6 17. d4 Nf8 18. Qd2 Nh7 19. gxf6 gxf6 20. e5 fxe5 21. Bxc6+ bxc6 22. Qg2 Rg8 23. Qxc6+ Qd7 24. Qxa8+ Bd8 25. Bg5 Bf7 26. Rxf7 Kxf7 27. Qd5+ Kf8 28. Qf3+ Bf6 29. Kh1 Nxg5 30. Qxf6+ Nf7 31. Nd2 Qc6+ 32. Qf3 Qxf3+ 33. Ndxf3 exd4 34. cxd4 Nh6 35. Ng5 Ke7 36. d5 Nf5 37. Re1+ Kd7 38. Nhf3 Nxh4 39. Rg1 Nf5 40. Ne4 Rxg1+ 41. Kxg1 Ne3 42. Nf6+ Ke7 43. Nxh5 Nxd5 44. a3 Nc3 45. Nd4 Nb1 46. Nc2 Kd7 47. Nf4 Nc3 48. Kf1 Kc6 49. Ne2 Nxe2 50. Kxe2 Kb5 51. Kd3 a5 52. Nd4+ Ka4 53. Kc4 axb4 54. axb4 c5 55. b5 Ka5 56. Nc6+ Kb6 57. Ne7 Ka5 58. Nd5 1-0

[Event "Faxe EMT"]
[Site "Faxe"]
[Date "2007.05.23"]
[Round "7"]
[White "Christoffersen, Ib"]
[Black "Refsgaard, Kaj"]
[Result "1/2-1/2"]
[WhiteElo "1380"]
[BlackElo "1641"]
[PlyCount "101"]
[EventDate "2007.03.21"]
[EventType "swiss"]
[EventRounds "7"]
[EventCountry "DEN"]
[SourceTitle "EXT 2023"]
[Source "ChessBase"]
[SourceDate "2022.10.05"]
[SourceVersion "1"]
[SourceVersionDate "2022.10.05"]
[SourceQuality "1"]

1. d4 Nf6 2. Nc3 g6 3. Nf3 Bg7 4. Bf4 d6 5. e3 0-0 6. Bd3 Nbd7 7. 0-0 c5 8. d5 Nb6 9. e4 Nh5 10. Be3 f5 11. Be2 fxe4 12. Nxe4 Bxb2 13. Rb1 Bg7 14. Nfg5 Nf4 15. Bxf4 Rxf4 16. Qd2 Rf5 17. c4 Qf8 18. Bg4 Rf4 19. Bxc8 Rxc8 20. Ne6 Nxc4 21. Qxf4 Qxf4 22. Nxf4 b6 23. Rfc1 Ne5 24. Ne6 Bh6 25. Rc3 c4 26. Rh3 Bg7 27. Nxg7 Kxg7 28. Ng5 h5 29. Ne4 Rb8 30. a4 a6 31. Rc3 b5 32. axb5 axb5 33. f4 Nd3 34. Nd2 Nxf4 35. Kf1 Nxd5 36. Rcc1 c3 37. Ne4 b4 38. Kf2 Rf8+ 39. Ke1 Rf5 40. Ng3 Re5+ 41. Kf2 Nf4 42. Rc2 Nd3+ 43. Kf1 d5 44. Rd1 Nb2 45. Rd4 Nc4 46. Rc1 Nd2+ 47. Kf2 Nb3 48. Rxb4 Nxc1 49. Rd4 c2 50. Kf3 e6 51. Rd2 1/2-1/2

[Event "Faxe EMT"]
[Site "Faxe"]
[Date "2007.05.16"]
[Round "6"]
[White "Andersen, Hans Poul"]
[Black "Christoffersen, Ib"]
[Result "0-1"]
[WhiteElo "1352"]
[BlackElo "1380"]
[PlyCount "114"]
[EventDate "2007.03.21"]
[EventType "swiss"]
[EventRounds "7"]
[EventCountry "DEN"]
[SourceTitle "EXT 2023"]
[Source "ChessBase"]
[SourceDate "2022.10.05"]
[SourceVersion "1"]
[SourceVersionDate "2022.10.05"]
[SourceQuality "1"]

1. e4 e5 2. Bc4 Nf6 3. d3 h6 4. Bd2 Nc6 5. Nf3 d6 6. h3 Be7 7. 0-0 a6 8. a3 g5 9. Nh2 Rg8 10. g4 h5 11. f3 Nd4 12. c3 Ne6 13. Bxe6 Bxe6 14. c4 Qd7 15. Rf2 0-0-0 16. Rg2 hxg4 17. fxg4 Rg7 18. Nc3 Nh7 19. Qf3 Nf8 20. Qe3 Kb8 21. b4 c6 22. Kh1 Ng6 23. Rf1 Nf4 24. Rg3 f6 25. Qf3 d5 26. Bxf4 gxf4 27. Rg2 Rdg8 28. exd5 cxd5 29. cxd5 Bf7 30. Rc1 f5 31. Rcg1 Qc7 32. Ne2 Qd7 33. Nc3 Rc8 34. d4 Qd6 35. gxf5 Rxg2 36. Rxg2 exd4 37. Ne4 Qe5 38. Rf2 Bxd5 39. Ng4 Qxf5 40. Qxf4+ Qxf4 41. Rxf4 Bd6 42. Ngf6 Bxf4 43. Nxd5 Be3 44. Nc5 Rd8 45. Nxe3 dxe3 46. Kg2 Re8 47. Kf1 Kc7 48. Ke2 Kc6 49. Nd3 Kb5 50. h4 Ka4 51. Nc5+ Kxa3 52. Nxb7 Kxb4 53. Nd6 Re6 54. Nf5 a5 55. Nd4 Re8 56. Nc2+ Kc3 57. Nxe3 Kd4 0-1

[Event "Faxe EMT"]
[Site "Faxe"]
[Date "2005.05.18"]
[Round "7"]
[White "Christoffersen, Ib"]
[Black "Hansen, Arne Mandrup"]
[Result "1-0"]
[WhiteElo "1361"]
[BlackElo "1296"]
[PlyCount "87"]
[EventDate "2005.03.30"]
[EventType "swiss"]
[EventRounds "7"]
[EventCountry "DEN"]
[SourceTitle "EXT 2023"]
[Source "ChessBase"]
[SourceDate "2022.10.05"]
[SourceVersion "1"]
[SourceVersionDate "2022.10.05"]
[SourceQuality "1"]

1. d4 Nf6 2. c4 e6 3. Bg5 b6 4. e3 Bb7 5. Nf3 c5 6. Be2 Be7 7. 0-0 cxd4 8. exd4 Ne4 9. Bxe7 Qxe7 10. Bd3 0-0 11. Qc2 f5 12. Nc3 d5 13. Rfe1 Qf6 14. Ne5 Qh6 15. Re3 Nxc3 16. bxc3 Na6 17. Rh3 Qg5 18. Nf3 Qf6 19. Re1 Nc7 20. Re3 dxc4 21. Bxc4 Nd5 22. Bxd5 Bxd5 23. Ne5 g5 24. Reg3 Be4 25. Qd2 f4 26. Nd7 Qf5 27. Rh5 h6 28. Rgh3 Qg4 29. f3 Bxf3 30. Rxh6 Be4 31. Rh8+ Kg7 32. R8h6 Rh8 33. Ne5 Qxg2+ 34. Qxg2 Bxg2 35. Rxh8 Rxh8 36. Rxh8 Kxh8 37. Kxg2 Kg7 38. Kf3 Kf6 39. Kg4 b5 40. Nf3 a5 41. Nxg5 e5 42. d5 f3 43. Ne4+ Ke7 44. Kxf3 1-0